| 000 | 00715nam a22001937a 4500 | ||
|---|---|---|---|
| 005 | 20180423125645.0 | ||
| 010 | _aB-691513-514 | ||
| 020 |
_c250.00 _a9788186204306 |
||
| 035 | _aB-691513-514 | ||
| 037 | _bR.K.Books | ||
| 082 | _a304.2 | ||
| 100 | _aLekh Raj Singh | ||
| 245 |
_aFundamentals of human geography / _cby Lekh Raj Singh |
||
| 260 |
_aAllahabad _bSharda Pustak Bhawan _c2017 |
||
| 270 |
_aUniversity Road Allahabad _bAllahabad _e211002 |
||
| 300 |
_a399p. _b24cm(pbk). |
||
| 942 |
_2ddc _cEN _h304.2 _mLEK |
||
| 999 |
_c151675 _d151675 |
||